Predictive Models and Their Application in Slovak Companies

Gespeichert in:
Bibliographische Detailangaben
1. Verfasser: Sedláková, Iveta
Format: Buchkapitel
Sprache:Englisch
Schlagworte:
Tags: Tag hinzufügen
Keine Tags, Fügen Sie das erste Tag hinzu!

MARC

LEADER 00000naa a2200000 4500
001 0207108
005 20240502083518.1
041 0 |a eng 
044 |a UA 
245 1 0 |a Predictive Models and Their Application in Slovak Companies  |c Iveta Sedláková 
610 2 0 |a modely prognostické 
610 2 0 |a podnik 
610 2 0 |a financie podnikové 
610 2 0 |a analýza finančná 
610 2 0 |a Slovensko 
100 1 |a Sedláková, Iveta